Derecho del Trabajo y de la Seguridad Social Derecho colectivo del trabajo / Tomo II

Detalles Bibliográficos
Autor principal: Humeres Noguer, Hčtor
Formato: Artículo
Lenguaje:español
Publicado: [Chile] : Editorial jurd̕ica de Chile, 2010.
Edición:17® ed.
Materias:
Acceso en línea:Acceso restringido. Tomo II

MARC

LEADER 00000nab a22000007a 4500
005 20110830124744.0
008 110830t2010 cl ||||s|||| 001 0 spa d
020 |a 956-10-1589-7 (Vol. II) 
035 |a 5492 
040 |a vLex 
090 |c 2301  |d 2301 
100 1 |a Humeres Noguer, Hčtor 
245 1 0 |a Derecho del Trabajo y de la Seguridad Social  |b Derecho colectivo del trabajo /  |c Hčtor Humeres Noguer  |h [Recurso electrn̤ico] :  |p Tomo II 
250 |a 17® ed.  
256 |a Servicio en ln̕ea. 
260 |a [Chile] :  |b Editorial jurd̕ica de Chile,  |c 2010. 
506 1 |a Contenido solo disponible en los productos indicados  |d vLex Global  |d vLex Global (Academic Edition, excluding Law Schools)  |d vLex Global (U.S. Academic Edition, Law Schools)  |d vLex Global (U.S. Academic Edition, excluding Law Schools)  |d vLex Global (Academic Edition, Law Schools) 
650 0 4 |a Dret del treball  |z Chile 
650 0 4 |a Seguridad social  |z Chile 
740 0 |a vLex Libros (Servicio en ln̕ea) 
856 4 0 |u http://vlex.com/source/derecho-trabajo-seguridad-social-tomo-ii-5492  |z Acceso restringido. Tomo II 
942 |c BOOK